000 00881nam a2200265Ia 4500
003 OSt
005 20220918171353.0
006 a|||||r|||| 00| 0
007 ta
008 220917b |||||||| |||| 00| 0 eng d
020 _a9781555708078 (pbk)
_c5831.10
024 _a279,979
037 _b11441, 18/03/2014, Elite Publishers Distributors
_cTextual
040 _aARTS
_cARTS
_beng
041 _2eng
_aeng
082 _a2:97(D65,8(B)), Q1
100 _aChowdhury G. G.
245 0 _aInformation users and usability in the digital age
260 _aNew York
_bNeal-Schuman Publishers U.S.A
_c2011
300 _axvi, 208p.
_ccm.
650 _aLIBRARY SCIENCE
700 _a Chowdhury Sudatta
942 _h2:97(D65,8(B)), Q1
_cTEXL
_2CC
999 _c139244
_d139244